Aplicación de las normas de observancia sobre propiedad intelectual: ejercicio de las acciones de tutela en sede judicial y administrativa (Registro nro. 7494)
[ vista simple ]
| 000 -Cabecera | |
|---|---|
| Campo de control de longitud fija | 00678nam a22002297a 4500 |
| 005 - Fecha y hora de la última transacción | |
| Campo de control | 20241204122847.0 |
| 008 - Elementos de longitud fija--Información general | |
| Campo de control de longitud fija | 160125b2007 xxu||||| |||| 00| | spa d |
| 041 ## - Idioma | |
| Código de idioma | |
| 082 ## - Clasificación Decimal Dewey | |
| Número de clasificación | 346.048.2 B837a |
| 100 ## - Entrada principal--Autor personal | |
| Nombre personal | Brenes, Juan Carlos |
| 9 (RLIN) | 2173 |
| 100 ## - Entrada principal--Autor personal | |
| Nombre personal | Cruz Conejo, Oscar |
| 9 (RLIN) | 2174 |
| 245 ## - Título propiamente dicho | |
| Título | Aplicación de las normas de observancia sobre propiedad intelectual: ejercicio de las acciones de tutela en sede judicial y administrativa |
| 260 ## - Pie de imprenta | |
| Lugar de publicación, distribución, etc. | Costa Rica |
| 260 ## - Pie de imprenta | |
| Nombre del editor, distribuidor, etc. | Juritexto |
| 260 ## - Pie de imprenta | |
| Fecha de publicación, distribución, etc. | 2007 |
| 300 ## - Descripción física | |
| Extensión | 122 páginas |
| 650 ## - Materia general | |
| Temática (materia general) | DERECHOS DE AUTOR |
| 650 ## - Materia general | |
| Temática (materia general) | PROPIEDAD INTELECTUAL |
| 650 ## - Materia general | |
| Temática (materia general) | COMERCIO |
| 650 ## - Materia general | |
| Temática (materia general) | LEGISLACION |
| 942 ## - Punto de acceso adicional KOHA | |
| Tipo de ítem KOHA | Libro |
| Fuente del sistema de clasificación o colocación | Dewey Decimal Classification |
| Signatura completa | Código de barras | Tipo de ítem |
|---|---|---|
| 346.048.2 B837a | 19810 | Libro |